000 00336nam a22001457a 4500
008 210301b ||||| |||| 00| 0 eng d
020 _a1567931251
041 _aeng
080 _a338
082 _a338
100 _a53
101 _aMEN
245 _aCases in Organization Design and Decision Making
_cBender, D.E
942 _2udc
_cBK
999 _c55351
_d55351